000 00852cab a2200241 4500
001 ABS44967
008 090401t1991 xxu||||| |||| 00| 0 eng d
035 _a(Sirsi) u50098
041 _aeng
100 _aHeslop, P
245 _aNo regrets with energy efficiency
260 _c1991
350 _a0
490 _aEnergy in Buildings
_vJuly/August 1991, 10-13(3)
520 _aReviews a report from Oxford Economic Research Associates and Pilkington plc, "Environmental policy and energy demand", which argues that the potential for energy efficiency in housing will go a long way towards meeting the UK`s CO2 emissions commitment.
650 _aBRE
650 _aENERGY EFFICIENCY
650 _aENERGY SAVINGS
650 _aGREENHOUSE EFFECT
690 _aENVIRONMENTAL AND LAND CONSULTANCY-ENERGY
942 _n0
948 _c04/03/1997
999 _c31302
_d31302